000 00751nam a2200241 i 4500
001 bg
245 0 _aMechanizacja produkcji zwierzęcej /
_c[Wacław Romaniuk et al.].
250 _aWyd. 2.
260 _aWarszawa :
_bPaństwowe Wydawnictwo Rolnicze i Leśne,
_c1981.
300 _a271, [1] s. :
_bfot., rys. ;
_c24 cm.
521 _aDla techników budowlanych i policealnych studiów zaocznych hodowlanych.
650 9 _aZootechnika
_xmechanizacja
650 9 _aBudownictwo inwentarskie
655 _aPodręczniki szkolne
700 1 _aROMANIUK, Wacław
020 _a8309005407
040 _cBPK
041 0 _apol
080 _a636:631.2](075.3)
920 _a83-09-00540-7
942 _cKS
008 s pl f |000 0 pol
999 _c51593
_d51593
856 _uhttp://koha.tu.koszalin.pl/cgi-bin/koha/opac-detail.pl?biblionumber=51593
_yKatalog online BPK